ბათუმის შოთა რუსთაველის სახელმწიფო უნივერსიტეტის ბიბლიოთეკა

Early Childhood Leadership in Action : (ბიბ.ჩანაწერი № 58405)

000 -LEADER
fixed length control field 00786nam a22002057a 4500
005 - DATE AND TIME OF LATEST TRANSACTION
control field 20221107112740.0
008 - FIXED-LENGTH DATA ELEMENTS--GENERAL INFORMATION
fixed length control field 220120s2020 enk||||| |||| 00| 0 eng d
020 ## - INTERNATIONAL STANDARD BOOK NUMBER
International Standard Book Number 9781760294755x
041 ## - LANGUAGE CODE
Language code of text/sound track or separate title eng
080 ## - UNIVERSAL DECIMAL CLASSIFICATION NUMBER
Universal Decimal Classification number 372 S-81
100 ## - MAIN ENTRY--PERSONAL NAME
Personal name Stamopoulos, Elizabeth
9 (RLIN) 13405
245 ## - TITLE STATEMENT
Title Early Childhood Leadership in Action :
Remainder of title Evidence-based approaches for effecctive practice /
Statement of responsibility, etc. Elizabeth Stamopoulos and Lennie Barblett.
264 ## - PRODUCTION, PUBLICATION, DISTRIBUTION, MANUFACTURE, AND COPYRIGHT NOTICE
Place of production, publication, distribution, manufacture London :
Name of producer, publisher, distributor, manufacturer Routledge,
Date of production, publication, distribution, manufacture, or copyright notice 2018.
300 ## - PHYSICAL DESCRIPTION
Extent 304 p.;
Other physical details 23 cm.
653 ## - INDEX TERM--UNCONTROLLED
keyword სკოლამდელი ბავშვების ლიდერობა
653 ## - INDEX TERM--UNCONTROLLED
keyword პედაგოგიკა
653 ## - INDEX TERM--UNCONTROLLED
keyword Лидерство в раннем детстве
700 ## - ADDED ENTRY--PERSONAL NAME
Personal name Barblett, Lennie
Relator term ავტორი
9 (RLIN) 13406
942 ## - ADDED ENTRY ELEMENTS (KOHA)
Source of classification or shelving scheme
Koha item type წიგნი
ეგზემპლარები
Withdrawn status Lost status Source of classification or shelving scheme Damaged status Not for loan Permanent Location Current Location Shelving location Date acquired Cost, normal purchase price Full call number Barcode Date last seen Copy number Price effective from Koha item type Public note
          ბათუმის შოთა რუსთაველის სახელმწიფო უნივერსიტეტის მთავარი ბიბლიოთეკა ბათუმის შოთა რუსთაველის სახელმწიფო უნივერსიტეტის მთავარი ბიბლიოთეკა წიგნსაცავი 2022-01-20 77.00 372 S-81 62130 2022-01-20 62130 2022-01-20 წიგნი 77 ლ.